Sinh lý học thực vật : Sách dùng cho các trường cao đẳng sư phạm

Uloženo v:
Podrobná bibliografie
Hlavní autor: Trần, Đăng Kế
Médium: Kniha
Jazyk:Undetermined
Vydáno: Hà Nội Giáo Dục 2000
Témata:
Tagy: Přidat tag
Žádné tagy, Buďte první, kdo otaguje tento záznam!
Thư viện lưu trữ: Trung tâm Học liệu Trường Đại học Cần Thơ
LEADER 00654nam a2200217Ia 4500
001 CTU_43632
008 210402s9999 xx 000 0 und d
020 |b 14.000đ 
020 |c 14000 
082 |a 581.7 
082 |b K250/T.1 
100 |a Trần, Đăng Kế 
245 0 |a Sinh lý học thực vật : 
245 0 |b Sách dùng cho các trường cao đẳng sư phạm 
245 0 |c Trần Đăng Kế, Nguyễn Như Khanh 
260 |a Hà Nội 
260 |b Giáo Dục 
260 |c 2000 
650 |a Plant physiology 
904 |i Minh, 010927 
980 |a Trung tâm Học liệu Trường Đại học Cần Thơ